|
|
|
|
| LEADER |
01789nam a2200373 4500 |
| 001 |
DLU210195553 |
| 005 |
##20210106 |
| 020 |
# |
# |
|a 9786049519079
|
| 040 |
# |
# |
|a DLU
|b vie
|
| 041 |
# |
# |
|a vie
|
| 044 |
# |
# |
|a vn
|
| 082 |
# |
# |
|a 658.872
|b KA-B
|
| 100 |
# |
# |
|a Kane, Brendan.
|
| 245 |
# |
# |
|a Cách để đạt 1 triệu follow chỉ trong 30 ngày =
|b One million followers : how I built a massive social following in 30 days /
|c Brendan Kane; Thanh Mai dịch; Phạm Văn Lam hiệu đính.
|
| 246 |
# |
# |
|a Cách để đạt một triệu follow chỉ trong 30 ngày
|
| 246 |
# |
# |
|a One million followers :
|b how I built a massive social following in 30 days
|
| 260 |
# |
# |
|a H. :
|b Hồng Đức,
|c 2019.
|
| 300 |
# |
# |
|a 409 tr. ;
|c 21 cm.
|
| 505 |
# |
# |
|a Chương 01. Tôi đã làm thế nào để có 1 triệu người theo dõi -- Chương 02. Lựa chọn đối tượng người xem -- Chương 03. Lựa chọn thông điệp cho công chúng -- Chương 04. Thử nghiệm và điều chỉnh -- Chương 05. Tạo ra nội dung để chia sẻ trên Facebook -- Chương 06. Liên minh chiến lược -- Chương 07. Vươn ra toàn cầu (Một cơ hội) -- Chương 08. Tạo ảnh hưởng trên Instagram -- Chương 09. Những yếu tố thúc đẩy tăng trưởng trên Youtube -- Chương 10. Những thực tế về Snapchat -- Chương 11. Củng cố vị thế.
|
| 650 |
# |
# |
|a Marketing internet.
|
| 650 |
# |
# |
|a Truyền thông xã hội.
|
| 700 |
# |
# |
|a Phạm Văn Lam,
|c TS.
|e hiệu đính.
|
| 700 |
# |
# |
|a Thanh Mai,
|e dịch.
|
| 923 |
# |
# |
|a 03/2020
|
| 991 |
# |
# |
|a SH
|
| 992 |
# |
# |
|a 166000
|
| 994 |
# |
# |
|a DLU
|
| 900 |
# |
# |
|a True
|
| 911 |
# |
# |
|a Nguyễn Thanh Hương
|
| 925 |
# |
# |
|a G
|
| 926 |
# |
# |
|a A
|
| 927 |
# |
# |
|a SH
|
| 980 |
# |
# |
|a Thư viện Trường Đại học Đà Lạt
|